Hoa hồng mua chịu = La rose à crédit

E. Toriole là người Nga, lấy chồng là Louis Aragon người Pháp. Tác phẩm ' Hoa hồng mua chịu ' nói về sự đam mê những cái lạ, cái hào nhoáng của cuộc sống của một cô gái thường dân để đến nỗi nàng phải trả giá quá đắt cho những đa...

ver descrição completa

Na minha lista:
Detalhes bibliográficos
Autor principal: Ensa Toriole
Formato: Livro
Idioma:Undetermined
Publicado em: Hà Nội Tác phẩm mới 1985
Assuntos:
Tags: Adicionar Tag
Sem tags, seja o primeiro a adicionar uma tag!
Thư viện lưu trữ: Trung tâm Học liệu Trường Đại học Cần Thơ
LEADER 00926nam a2200193Ia 4500
001 CTU_15428
008 210402s9999 xx 000 0 und d
082 |a 843.9 
082 |b T843 
100 |a Ensa Toriole 
245 0 |a Hoa hồng mua chịu 
245 0 |b = La rose à crédit 
245 0 |c Ensa Toriole, Trần An Xuyên, Trần An Thành 
260 |a Hà Nội 
260 |b Tác phẩm mới 
260 |c 1985 
520 |a E. Toriole là người Nga, lấy chồng là Louis Aragon người Pháp. Tác phẩm ' Hoa hồng mua chịu ' nói về sự đam mê những cái lạ, cái hào nhoáng của cuộc sống của một cô gái thường dân để đến nỗi nàng phải trả giá quá đắt cho những đam mê đó 
650 |a french fiction ( vietnamese ) 
980 |a Trung tâm Học liệu Trường Đại học Cần Thơ